Normal view MARC view
  • Rodríguez Hernández, Dalmacio

Entry Nombre Personal

Number of records used in: 2

001 - NUMERO DE CONTROL

  • campo de control: 45503

003 - IDENTIFICADOR DE NUMERO DE CONTROL

  • campo de control: DLC

005 - FECHA Y HORA DE LA ÜLTIMA TRANSACCIÓN

  • campo de control: 20220822093319.0

008 - DATOS DE LONGITUD FIJA

  • campo de control de longitud fija: 001218n| azannaabn |a aaa c

010 ## - NÚMERO DE CONTROL DE LA BIBLIOTECA DEL CONGRESO

  • Número de control LC: no 00101791

035 ## - NUMERO DE CONTROL

  • Número de control: (OCoLC)oca05378929

040 ## - FUENTE DE CATALOGACIÓN

  • Agencia original de catalogación: MU
  • Lenguaje de catalogación: spa
  • Description conventions: rda
  • Agencia de transcripción: MU
  • Agencia que lo modifica: UPB
  • Agencia que lo modifica: DLC
  • Agencia que lo modifica: MX-MxUPN

100 1# - ENCABEZAMIENTO - NOMBRE PERSONAL

  • Nombre personal: Rodríguez Hernández, Dalmacio

400 1# - VEÁSE - NOMBRE DE PERSONA

  • Personal name: Hernández, Dalmacio Rodríguez

670 ## - FUENTE EN LA QUE SE LOCALIZARON DATOS

  • Cita de la fuente: Texto y fiesta en la literatura novohispana (1650-1700), 1998:
  • Información localizada: portada (Dalmacio Rodríguez Hernández)

902 ## - CATALOGADOR

  • Catalogador: NDAF/220822